000 00482nam a2200181Ia 4500
001 18969
005 20260306171709.0
008 260306s9999||||xx |||||||||||||| ||und||
041 _aESP
082 _a658.575
_bL562
100 _aLockwood, Thomas
_eAUT
245 0 _aDesign thinking:
_bintegrating innovation, customer, experience, and brand value
260 _c2009
300 _axvii, 285 páginas :
_c23 cm.
650 _aGEN
654 _aCAN
942 _cLIB
_dJUS
_fJUS
_2ddc
_n
999 _c18969
_d18969